| 000 | 00792nam a2200241 a 4500 | ||
|---|---|---|---|
| 001 | BRL_1097 | ||
| 005 | 20190320211031.0 | ||
| 008 | 111113s1952----mx-a######---#000-0#spa-# | ||
| 041 | _aspa | ||
| 044 | _amx | ||
| 050 | 4 |
_aN6555 _b.F47 1952 |
|
| 100 | 1 |
_aFernández, Justino _d1904-1972 _96551 |
|
| 245 | 1 | 0 |
_aArte moderno y contemporáneo de México _cJustino Fernández ; prólogo de Manuel Toussaint. |
| 260 |
_aMéxico. _bUNAM, Instituto de Investigaciones Estéticas _c1952 |
||
| 300 |
_axxii, 521 p. _bil. _c34 cm. |
||
| 500 | _aAu1243 | ||
| 500 | _aIncluye índice de nombres e ilustraciones | ||
| 504 | _aBibliografía: p. 505-512 | ||
| 650 | 1 | 4 |
_aArte moderno _ySiglo XX _zMéxico _922516 |
| 700 | 1 |
_aToussaint, Manuel _d1890-1955 _epról. _925790 |
|
| 902 | _aGRL | ||
| 942 |
_2lcc _cB |
||
| 999 |
_c9909 _d9909 |
||